| 000 | 00651nam a2200229Ia 4500 | ||
|---|---|---|---|
| 003 | OSt | ||
| 005 | 20230607141849.0 | ||
| 008 | 210423s2011 xx 000 0 und d | ||
| 020 | _a9788131602652 | ||
| 040 | _cAL | ||
| 041 | _aeng | ||
| 082 | _a307.72 WILR | ||
| 100 |
_aWILLIAM (A Thomas);CHRISTOPHER (A J) _9121498 |
||
| 245 | _aRural development: concept and recent approaches | ||
| 260 |
_aNew Delhi _bRawat Publications _c2011 |
||
| 300 |
_axi,332 _bPB |
||
| 365 |
_b795 _cINR |
||
| 650 |
_aRural Communities _9121499 |
||
| 650 |
_aSociology _9121500 |
||
| 906 | _aapproaches ; concept ; development: ; recent ; Rural | ||
| 942 |
_2ddc _cBK |
||
| 999 |
_c176175 _d176175 |
||